| 000 -ლიდერი |
| ფიქსირებული სიგრძის საკონტროლო ველი |
01101nam a2200205Ia 4500 |
| 001 - საკონტროლო ნომერი |
| საკონტროლო ველი |
3391 |
| 003 - საკონტროლო ნომრის იდენტიფიკატორი |
| საკონტროლო ველი |
GE_BSU |
| 005 - ბოლო ოპერაციის თარიღი და დრო |
| საკონტროლო ველი |
20190606153459.0 |
| 008 - ფიქსირებული სიგრძის მონაცემთა ელემენტები - ზოგადი ინფორმაცია |
| ფიქსირებული სიგრძის საკონტროლო ველი |
181216s1960||||ge |||||||||||||| ||geo|| |
| 040 ## - კატალოგიზაციის წყარო |
| Transcribing agency |
GE_BSU |
| 041 ## - ენის კოდი |
| Language code of text/sound track or separate title |
geo |
| 080 ## - უნივერსალური ათობითი კლასიფიკაციის ინდექსი |
| Universal Decimal Classification number |
681.2(075.8) ხ–48 |
| 100 ## - მთავარი ჩანაწერი - პიროვნების სახელი |
| Personal name |
ხვინგია,მ. |
| 9 (RLIN) |
2225 |
| 245 ## - ცნობა სათაურის შესახებ |
| Title |
ზუსტი მექანიზმებისა და ხელსაწყოების ნაწილები : ნაწილი I. (დრეკადი ელემენტები, დამხმარე ნაწილები, გადაცემები) / |
| Statement of responsibility, etc |
მ. ხვინგია ; რედ : ო. ეზიკაშვილი. |
| 264 ## - წარმოების, გამოცემის, დისტრიბუციის და სხვა ცნობები |
| გამოცემის, წარმოების, დისტრიბუციის... ადგილი |
თბილისი : |
| გამოცემის, წარმოების, დისტრიბუციის... სახელწოდება |
საქ. პოლიტექნ. ინ–ტი, |
| გამოცემის, წარმოების, დისტრიბუციის... თარიღი |
1960. |
| 300 ## - ფიზიკური აღწერა |
| Extent |
409 გვ .: |
| Other physical details |
ილ ; |
| Dimensions |
22 სმ. |
| 653 ## - INDEX TERM--UNCONTROLLED |
| Uncontrolled term |
ზუსტი მექანიზმებისა და ხელსაწყოების ნაწილები |
| 700 ## - ADDED ENTRY--PERSONAL NAME |
| Personal name |
ეზიკაშვილი, ე |
| Relator term |
რედაქტორი |
| 9 (RLIN) |
2226 |
| 942 ## - ADDED ENTRY ELEMENTS (KOHA) |
| Koha item type |
წიგნი |
| Source of classification or shelving scheme |
|